Danse avec les Stars - Partenaires de Silvia Notargiacomo - Statistiques

Statistiques générales
  • Ce quiz a été pris 16 fois
  • Le résultat moyen est 3 sur 7
Statistiques - réponses
Saisons Professions Célébrités % Correct
Saison 6 Footballeur Djibril Cissé
83%
Saison 1 Footballeur David Ginola
58%
Saison 7 Présentateur télé Julien Lepers
58%
Saison 5 Humoriste Anthony Kavanagh
42%
Saison 4 Humoriste Titoff
42%
Saison 2 Chanteur Francis Lalanne
25%
Saison 3 Acteur Gérard Vives
17%
Aucun quiz correspondant
Distribution des résultats
% des personnes avec chaque résultat
Percentile par nombre de réponses
Votre historique - résultats
Vous n’avez pas pris ce quiz